[Event "Zhigulevskie prostory op"]
[Site "Samara"]
[Date "2008.07.28"]
[Round "4"]
[White "Meiling, Andrei"]
[Black "Galkin, Roman"]
[Result "1/2-1/2"]
[WhiteElo "1891"]
[BlackElo "1986"]
[PlyCount "33"]
[EventDate "2008.07.25"]
[EventType "swiss"]
[EventRounds "9"]
[EventCountry "RUS"]
[SourceTitle "EXT 2022"]
[Source "ChessBase"]
[SourceDate "2021.10.06"]
[SourceVersion "1"]
[SourceVersionDate "2021.10.06"]
[SourceQuality "1"]

1. d4 Nf6 2. c4 g6 3. Nc3 d5 4. cxd5 Nxd5 5. e4 Nxc3 6. bxc3 c5 7. Qa4+ Bd7 8. Qb3 Bg7 9. Be3 0-0 10. Bd3 cxd4 11. cxd4 Nc6 12. Ne2 Bg4 13. 0-0 Bxe2 14. Bxe2 Nxd4 15. Bxd4 Qxd4 16. Rab1 Qxe4 17. Bf3 1/2-1/2

[Event "Uljanovsk op"]
[Site "Uljanovsk"]
[Date "2008.02.03"]
[Round "5"]
[White "Galkin, Roman"]
[Black "Zaitsev, Vasiliy"]
[Result "1/2-1/2"]
[WhiteElo "1971"]
[BlackElo "2125"]
[PlyCount "85"]
[EventDate "2008.02.01"]
[EventType "swiss"]
[EventRounds "9"]
[EventCountry "RUS"]
[SourceTitle "EXT 2009"]
[Source "ChessBase"]
[SourceDate "2008.11.26"]
[SourceVersion "1"]
[SourceVersionDate "2008.11.26"]
[SourceQuality "1"]

1. e4 c5 2. Nf3 Nc6 3. d4 cxd4 4. Nxd4 e6 5. Nc3 a6 6. Be3 Nf6 7. Bd3 Ne5 8. h3 Nxd3+ 9. Qxd3 Bb4 10. 0-0 Bxc3 11. bxc3 h6 12. c4 d6 13. Rad1 0-0 14. Nb3 Qc7 15. f3 Bd7 16. Qxd6 Qxc4 17. Bd4 Bb5 18. Bxf6 gxf6 19. Nd4 Rad8 20. Qg3+ Kh7 21. Nxb5 Qxb5 22. Qf4 Qg5 23. Qxg5 fxg5 24. Rxd8 Rxd8 25. Rb1 b5 26. a4 bxa4 27. Rb6 Rd1+ 28. Kh2 Rd4 29. Rxa6 Rc4 30. Kg3 Kg6 31. c3 h5 32. Kf2 h4 33. Ke2 Rxc3 34. Rxa4 Rc2+ 35. Kf1 f5 36. exf5+ Kxf5 37. Re4 Rd2 38. Kg1 e5 39. Kh2 Rd4 40. Re2 Kf4 41. Ra2 Kf5 42. Re2 Ke6 43. Ra2 1/2-1/2

[Event "Samara-ch Rating"]
[Site "Samara"]
[Date "2007.02.20"]
[Round "6"]
[White "Sevastianov, Viktor"]
[Black "Galkin, Roman"]
[Result "0-1"]
[WhiteElo "1934"]
[BlackElo "1910"]
[PlyCount "69"]
[EventDate "2007.02.02"]
[EventType "tourn"]
[EventRounds "11"]
[EventCountry "RUS"]
[SourceTitle "EXT 2022"]
[Source "ChessBase"]
[SourceDate "2021.10.06"]
[SourceVersion "1"]
[SourceVersionDate "2021.10.06"]
[SourceQuality "1"]

1. d4 Nf6 2. Nf3 g6 3. Bf4 Bg7 4. e3 d5 5. Bd3 0-0 6. Nbd2 c5 7. c3 Qb6 8. Qb1 Nc6 9. h3 Nd7 10. 0-0 e5 11. dxe5 Ndxe5 12. Nxe5 Nxe5 13. Bxe5 Bxe5 14. Nf3 Bg7 15. Rd1 Be6 16. Rd2 Rfd8 17. Qd1 Rd7 18. Qe2 Rad8 19. Rad1 Qa5 20. a3 a6 21. Bb1 b5 22. Ng5 Qc7 23. Nxe6 fxe6 24. Qg4 Qe5 25. Qf4 Qxf4 26. exf4 Kf7 27. Be4 Ke7 28. Bf3 d4 29. cxd4 Rxd4 30. Rxd4 Rxd4 31. Rxd4 Bxd4 32. b3 Kd6 33. Bb7 a5 34. a4 c4 35. Ba6 0-1

[Event "Samara Region-ch FL"]
[Site "Samara"]
[Date "2006.12.??"]
[Round "5"]
[White "Galkin, Roman"]
[Black "Fomichev, Sergey"]
[Result "0-1"]
[WhiteElo "1910"]
[BlackElo "2095"]
[PlyCount "82"]
[EventDate "2006.12.07"]
[EventType "swiss"]
[EventRounds "9"]
[EventCountry "RUS"]
[SourceTitle "EXT 2019"]
[Source "ChessBase"]
[SourceDate "2018.10.10"]
[SourceVersion "1"]
[SourceVersionDate "2018.10.10"]
[SourceQuality "1"]

1. d4 Nf6 2. Nf3 g6 3. g3 Bg7 4. Bg2 0-0 5. 0-0 c6 6. c4 d5 7. cxd5 cxd5 8. Ne5 Nfd7 9. Bf4 Nxe5 10. Bxe5 Nc6 11. Bxg7 Kxg7 12. Nc3 e6 13. e3 b6 14. Qa4 Na5 15. Rfc1 Bd7 16. Qd1 Rc8 17. Bf1 Nc4 18. b3 Nd6 19. f3 h5 20. Ba6 Rb8 21. Bd3 Rc8 22. Ba6 Rc7 23. Ne2 Rxc1 24. Rxc1 b5 25. Qc2 Qa5 26. Qc7 Qxa6 27. Qxd7 Nf5 28. Kf2 b4 29. e4 dxe4 30. fxe4 Nh6 31. Qa4 Qd3 32. Qxb4 Ng4+ 33. Ke1 Nxh2 34. e5 Qe4 35. Qc5 Nf3+ 36. Kf2 h4 37. gxh4 Nxh4 38. Qc3 Qg2+ 39. Ke1 Nf3+ 40. Kd1 Rh8 41. Qe3 Rh2 0-1

[Event "Samara Region-ch FL"]
[Site "Samara"]
[Date "2006.12.??"]
[Round "3"]
[White "Galkin, Roman"]
[Black "Zhuzhukin, Nikita"]
[Result "1/2-1/2"]
[WhiteElo "1910"]
[BlackElo "1980"]
[PlyCount "47"]
[EventDate "2006.12.07"]
[EventType "swiss"]
[EventRounds "9"]
[EventCountry "RUS"]
[SourceTitle "EXT 2019"]
[Source "ChessBase"]
[SourceDate "2018.10.10"]
[SourceVersion "1"]
[SourceVersionDate "2018.10.10"]
[SourceQuality "1"]

1. d4 e6 2. c4 f5 3. Nc3 Nf6 4. Nf3 d5 5. Bf4 c6 6. e3 Bd6 7. Bd3 0-0 8. 0-0 Ne4 9. Bxe4 Bxf4 10. Bd3 Bc7 11. Ne5 Nd7 12. f4 Nxe5 13. dxe5 Bd7 14. Qe2 Be8 15. Rfd1 Qh4 16. Qf2 Qh6 17. Kh1 Bh5 18. Rd2 Bb6 19. cxd5 cxd5 20. Na4 Ba5 21. Rc2 a6 22. Rac1 g5 23. Nc5 Rf7 24. fxg5 1/2-1/2

[Event "Samara Region-ch FL"]
[Site "Samara"]
[Date "2006.12.??"]
[Round "2"]
[White "Mokshanov, Alexey"]
[Black "Galkin, Roman"]
[Result "1/2-1/2"]
[WhiteElo "1995"]
[BlackElo "1910"]
[PlyCount "46"]
[EventDate "2006.12.07"]
[EventType "swiss"]
[EventRounds "9"]
[EventCountry "RUS"]
[SourceTitle "EXT 2019"]
[Source "ChessBase"]
[SourceDate "2018.10.10"]
[SourceVersion "1"]
[SourceVersionDate "2018.10.10"]
[SourceQuality "1"]

1. e4 c5 2. Nf3 d6 3. Bb5+ Bd7 4. Bxd7+ Qxd7 5. 0-0 Nc6 6. c3 Nf6 7. Re1 e6 8. d4 cxd4 9. cxd4 d5 10. e5 Ne4 11. Nbd2 Nxd2 12. Bxd2 Be7 13. Rc1 0-0 14. Bg5 Rac8 15. Bxe7 Nxe7 16. Qd3 Rxc1 17. Rxc1 Rc8 18. Rc2 Rxc2 19. Qxc2 Qc6 20. Ne1 Qxc2 21. Nxc2 f6 22. f4 Kf7 23. Kf2 Kg6 1/2-1/2

[Event "Penza op U18"]
[Site "Penza"]
[Date "2006.11.02"]
[Round "1"]
[White "Darmin, Dmitry"]
[Black "Galkin, Roman"]
[Result "1-0"]
[WhiteElo "2262"]
[BlackElo "1910"]
[PlyCount "115"]
[EventDate "2006.11.01"]
[EventType "swiss"]
[EventRounds "7"]
[EventCountry "RUS"]
[SourceTitle "EXT 2007"]
[Source "ChessBase"]
[SourceDate "2006.11.23"]
[SourceVersion "1"]
[SourceVersionDate "2006.11.23"]
[SourceQuality "1"]

1. e4 c5 2. Nf3 Nc6 3. c3 e6 4. d4 d5 5. exd5 exd5 6. Be2 Nf6 7. 0-0 Be7 8. dxc5 Bxc5 9. Bg5 Be6 10. Nbd2 0-0 11. Nb3 Be7 12. Nbd4 h6 13. Bh4 Ne4 14. Bxe7 Qxe7 15. Re1 Rfe8 16. Bb5 Nxd4 17. Qxd4 Red8 18. Qe5 Qd6 19. Qxd6 Nxd6 20. Nd4 Bd7 21. Bd3 Kf8 22. f3 Rac8 23. Kf2 Nc4 24. Re2 Re8 25. Rae1 Rxe2+ 26. Rxe2 b5 27. Ke1 a5 28. b3 Nd6 29. Kd2 Re8 30. Rxe8+ Kxe8 31. Ke3 Ke7 32. Ne2 Nb7 33. a3 a4 34. b4 g6 35. Kf4 Kd6 36. Nd4 g5+ 37. Ke3 Ke5 38. Bxb5 Bxb5 39. Nxb5 f5 40. Kd3 h5 41. c4 dxc4+ 42. Kxc4 g4 43. Kd3 Kf4 44. fxg4 hxg4 45. Nc3 Nd6 46. Nxa4 Nb5 47. Nc3 Nxa3 48. b5 Ke5 49. b6 Kd6 50. h4 gxh3 51. gxh3 Kc6 52. h4 Kxb6 53. h5 Kc5 54. Na4+ Kd5 55. h6 Nc4 56. Nb6+ Ke6 57. Nxc4 Kf6 58. Ne5 1-0